[Event "19th Voronezh Master Open"]
[Site "Voronezh RUS"]
[Date "2015.06.16"]
[Round "5.3"]
[White "Belyakov, Bogdan"]
[Black "Maiorov, Nikita1"]
[Result "1/2-1/2"]
[WhiteTitle "IM"]
[BlackTitle "GM"]
[WhiteElo "2477"]
[BlackElo "2560"]
[WhiteFideId "24104795"]
[BlackFideId "13501720"]
[EventDate "2015.06.12"]

1. e4 e5 2. Nf3 Nc6 3. Nc3 Nf6 4. Be2 Bb4 5. Nd5 Bc5 6. d3 O-O 7. c4 h6 8. Be3
d6 9. O-O Bg4 10. Nd2 Bd7 11. Nb3 Bxe3 12. fxe3 Nxd5 13. cxd5 Ne7 14. Na5 Qb8
15. Bg4 Qc8 16. Bxd7 Qxd7 17. Rc1 Rab8 18. Qc2 Rbc8 19. Qb3 Rb8 20. Qc4 Rfc8 21.
b4 a6 22. Qb3 Qe8 23. Rc2 Kh8 24. a4 f6 25. Rfc1 c6 26. dxc6 bxc6 27. Qe6 Rxb4
28. Nc4 Rcb8 29. Nxd6 Qf8 30. a5 Ra4 31. Nf5 Nxf5 32. Qxf5 Qc8 33. Qg6 Qe8 34.
Qg4 Rc8 35. Rb2 Rc7 36. Rcb1 Kh7 37. Rb8 Qd7 38. Qf5+ Qxf5 39. exf5 Rxa5 40. Ra8
Rb5 41. Ra1 Rd7 42. Ra3 e4 43. dxe4 Rd2 44. h4 Rbb2 45. Kh2 Rxg2+ 46. Kh3 h5 47.
Rd3 Rgd2 48. Rxd2 Rxd2 49. Kg3 Ra2 50. Rc8 a5 51. Rxc6 a4 52. Ra6 a3 53. Kf4 Ra1
54. e5 a2 55. Ke4 Rb1 56. Rxa2 Rb4+ 57. Kf3 fxe5 1/2-1/2

[Event "19th Voronezh Master Open"]
[Site "Voronezh RUS"]
[Date "2015.06.16"]
[Round "5.4"]
[White "Fedorov, Alexei"]
[Black "Papin, Vasily"]
[Result "1/2-1/2"]
[WhiteTitle "GM"]
[BlackTitle "GM"]
[WhiteElo "2555"]
[BlackElo "2480"]
[WhiteFideId "13500465"]
[BlackFideId "4143183"]
[EventDate "2015.06.12"]

1. e4 c5 2. Nf3 Nc6 3. d4 cxd4 4. Nxd4 e6 5. Nb5 d6 6. c4 Nf6 7. N1c3 a6 8. Na3
Be7 9. Be2 O-O 10. O-O b6 11. Be3 Ne5 12. f3 Qc7 13. Rc1 Bb7 14. Qd2 Ned7 15.
Nc2 Rac8 16. Nd4 Qb8 17. Kh1 Bd8 18. Rc2 Bc7 19. Bg1 Rfe8 20. b4 Ne5 21. Rb1 Qa8
22. Nb3 Red8 23. Qc1 Rb8 24. a4 Rdc8 25. a5 bxa5 26. b5 Bd8 27. b6 Nxc4 28. Na4
Nxb6 29. Nxb6 Bxb6 30. Bxb6 Rxc2 31. Qxc2 Bxe4 32. fxe4 Rxb6 33. Rc1 h6 34. Bf3
Nd7 35. Nxa5 Ne5 36. Be2 Qb8 37. Qc8+ Qxc8 38. Rxc8+ Kh7 39. Kg1 Rb4 40. Nc4
Nxc4 41. Bxc4 a5 42. Kf2 Kg6 43. Bd3 Kf6 44. Ke3 Rb2 45. Be2 Ke5 1/2-1/2

[Event "19th Voronezh Master Open"]
[Site "Voronezh RUS"]
[Date "2015.06.16"]
[Round "5.5"]
[White "Bukavshin, Ivan"]
[Black "Ponomarev, Dmitry"]
[Result "1/2-1/2"]
[WhiteTitle "GM"]
[BlackTitle "IM"]
[WhiteElo "2647"]
[BlackElo "2409"]
[WhiteFideId "4199758"]
[BlackFideId "24112046"]
[EventDate "2015.06.12"]

1. d4 d5 2. c4 c6 3. Nf3 dxc4 4. e3 Be6 5. Be2 Nf6 6. O-O g6 7. Qc2 b5 8. a4 Bf5
9. Qd1 Nbd7 10. axb5 cxb5 11. Nc3 a6 12. Ne1 Ne4 13. Bf3 Ndf6 14. Qc2 Nc5 15.
Bc6+ Nfd7 16. Qd1 Nb3 17. Ra2 Rc8 18. Bb7 Rb8 19. Bxa6 b4 20. Ne2 Qc7 21. Bd2
Bg7 22. Nc1 Nxd2 23. Qxd2 O-O 24. Ne2 Rfd8 25. Qc1 Nb6 26. b3 c3 27. Bd3 Bc8 28.
Nc2 e5 29. Rd1 Bf8 30. dxe5 Qxe5 31. Ncd4 Bb7 32. Qc2 Nd7 33. Ra7 Nc5 34. Rxb7
Nxb7 35. Nc6 Qc7 36. Nxb8 Qxb8 37. Qb1 Bc5 38. Bc2 Rd6 39. Nf4 Qd8 40. g3 Rxd1+
41. Qxd1 Qxd1+ 42. Bxd1 Bd6 43. Nd3 Nc5 44. Nxb4 Nxb3 45. Nd5 Nc5 46. Nxc3 h5
47. Kg2 Kg7 48. Nd5 Na6 49. Bb3 Nb4 50. Nc3 Nd3 51. h4 Nc5 52. Bc4 Nd7 53. Nb5
Bc5 54. Ba2 Nf6 55. Nd4 Ng4 56. Nf3 Be7 57. Bb3 Bf6 58. Ng5 Nh6 59. Bd5 Bc3 60.
Be4 Bd2 61. Nh3 Bc1 62. Nf4 Bd2 63. Bf3 Nf5 64. Bxh5 gxh5 65. Nxh5+ Kh6 66. Nf6
Kg6 67. Nd5 Ba5 68. Kf3 Bd8 69. Kg4 Nh6+ 70. Kf4 Ba5 71. g4 f6 72. Kg3 Be1 73.
Nf4+ Kf7 74. Nd3 Bd2 75. Kf4 Ng8 76. g5 Ne7 77. Kg4 Nc6 78. Kf5 Ne7+ 79. Kg4 Nc6
80. e4 Ne7 81. f4 Nc8 82. e5 fxe5 83. Nxe5+ Ke6 84. h5 Bc3 85. Ng6 Kf7 86. f5
Nd6 87. h6 Kg8 88. Ne7+ Kh7 89. Nd5 Bd2 90. Nf6+ Kh8 91. h7 Bxg5 92. Kxg5 Nxf5
93. Kxf5 Kg7 94. Kg5 Kh8 95. Kg6 1/2-1/2

[Event "19th Voronezh Master Open"]
[Site "Voronezh RUS"]
[Date "2015.06.16"]
[Round "5.6"]
[White "Matinian, Nikita"]
[Black "Bocharov, Dmitry"]
[Result "0-1"]
[WhiteTitle "IM"]
[BlackTitle "GM"]
[WhiteElo "2473"]
[BlackElo "2580"]
[WhiteFideId "24129100"]
[BlackFideId "4138716"]
[EventDate "2015.06.12"]

1. d4 Nf6 2. c4 e6 3. Nc3 Bb4 4. e3 O-O 5. Bd3 c5 6. Nf3 b6 7. O-O Bb7 8. a3
Bxc3 9. bxc3 Ne4 10. Qc2 f5 11. a4 Nc6 12. Nd2 Nxd2 13. Bxd2 Na5 14. Rfe1 Qf6
15. f3 Rac8 16. Rac1 Ba6 17. e4 Bxc4 18. e5 Qh4 19. Bxc4 Nxc4 20. Qd3 Na5 21. c4
Qxd4+ 22. Qxd4 cxd4 23. Bxa5 bxa5 24. Red1 Rc7 25. Rxd4 Rb8 26. Rcd1 Rbb7 27. h3
Kf7 28. g4 Ke7 29. gxf5 exf5 30. Kf2 Rc5 31. Rd5 Rxc4 32. Rxa5 g5 33. Rd2 Rcb4
34. Ra6 R4b6 35. Rd6 Rb2+ 36. Ke3 R7b3+ 37. Rd3 Rb4 38. Rdd6 R4b3+ 39. Rd3 Rb4
40. Rdd6 Rb6 41. Rxa7 Rxd6 42. exd6+ Kxd6 43. a5 Rb3+ 44. Kf2 h5 45. a6 Ra3 46.
f4 g4 47. hxg4 hxg4 48. Ra8 Kd5 49. a7 Kd4 50. Rf8 Rxa7 51. Rxf5 Ra3 52. Kg2 Rf3
53. Rf7 d5 54. Rf5 Kc4 55. Rf8 Kd3 56. f5 Ke4 57. f6 Ke5 58. f7 Ke6 59. Re8+
Kxf7 60. Re5 Rd3 61. Rg5 Rd4 62. Kg3 Kf6 63. Rh5 Ke6 64. Rh6+ Ke5 65. Rh5+ Kd6
66. Rh1 Re4 0-1

[Event "19th Voronezh Master Open"]
[Site "Voronezh RUS"]
[Date "2015.06.16"]
[Round "5.7"]
[White "Lintchevski, Daniil"]
[Black "Chekhov, Sergei"]
[Result "1-0"]
[WhiteTitle "GM"]
[BlackTitle "IM"]
[WhiteElo "2557"]
[BlackElo "2476"]
[WhiteFideId "4171055"]
[BlackFideId "4195639"]
[EventDate "2015.06.12"]

1. g3 e5 2. c4 h5 3. h3 h4 4. g4 d5 5. cxd5 Nf6 6. Nc3 Nxd5 7. d3 Nc6 8. Bg2 Be6
9. Nf3 Be7 10. O-O Qd7 11. Nxd5 Bxd5 12. Qa4 Rd8 13. Be3 O-O 14. Rfc1 Rfe8 15.
Ne1 Nb4 16. Qxd7 Rxd7 17. Nf3 Nxa2 18. Rcb1 Bd8 19. Nd2 Nb4 20. Rxa7 Bxg2 21.
Kxg2 c6 22. Rc1 Re6 23. Nb3 Be7 24. Na5 Nd5 25. Rxc6 bxc6 26. Rxd7 e4 27. dxe4
Nxe3+ 28. fxe3 Bb4 29. Nb7 Be1 30. Nc5 Rf6 31. Nd3 Bg3 32. e5 Re6 33. Rd8+ Kh7
34. Rf8 Re7 35. Kf3 g6 36. Rc8 Re6 37. b4 Kh6 38. Rh8+ Kg7 39. Rc8 Kh6 40. Rc7
f6 41. Nf4 Rxe5 42. Rxc6 Kg7 43. Rc7+ Kh6 44. Rc5 Re8 45. Rc6 Kg5 46. b5 Re5 47.
b6 Rb5 48. Rc5+ 1-0

[Event "19th Voronezh Master Open"]
[Site "Voronezh RUS"]
[Date "2015.06.16"]
[Round "5.8"]
[White "Golubov, Saveliy"]
[Black "Rozum, Ivan"]
[Result "1/2-1/2"]
[BlackTitle "GM"]
[WhiteElo "2433"]
[BlackElo "2539"]
[WhiteFideId "24176729"]
[BlackFideId "24104272"]
[EventDate "2015.06.12"]

1. e4 c6 2. d4 d5 3. e5 Bf5 4. Nd2 e6 5. Nb3 Nd7 6. Nf3 c5 7. dxc5 Bxc5 8. Nxc5
Nxc5 9. Nd4 Ne7 10. Bg5 O-O 11. Qf3 Ne4 12. Bxe7 Qxe7 13. c3 Qg5 14. Qe2 Bg6 15.
g3 h6 16. f4 Qe7 17. Bh3 Nc5 18. Rd1 Be4 19. O-O a6 20. Qe3 Rfe8 21. Rd2 Rac8
22. Rfd1 Rc7 23. Nb3 Na4 24. Qf2 b5 25. Rd4 Rb8 26. Bf1 Nb6 27. Nd2 Bh7 28. Bd3
Bxd3 29. Rxd3 b4 30. cxb4 Rc2 31. Qd4 Nc4 32. Rc3 Rxb2 33. Rxc4 Rxd2 34. Rxd2
dxc4 35. Qxc4 Qa7+ 36. Qd4 Qb7 37. a3 Rc8 38. Qd3 a5 39. bxa5 Qa7+ 40. Kg2 Qxa5
41. Rd1 1/2-1/2

[Event "19th Voronezh Master Open"]
[Site "Voronezh RUS"]
[Date "2015.06.16"]
[Round "5.9"]
[White "Zontakh, Andrey"]
[Black "Ulko, Jaroslav"]
[Result "0-1"]
[WhiteTitle "GM"]
[BlackTitle "IM"]
[WhiteElo "2538"]
[BlackElo "2460"]
[WhiteFideId "14101130"]
[BlackFideId "4116658"]
[EventDate "2015.06.12"]

1. d4 Nf6 2. c4 g6 3. Nc3 Bg7 4. e4 d6 5. Nf3 O-O 6. Be2 e5 7. O-O Nc6 8. d5 Ne7
9. b4 a5 10. Ba3 axb4 11. Bxb4 Nd7 12. a4 Bh6 13. a5 f5 14. Bd3 Nf6 15. c5 fxe4
16. Nxe4 Nxe4 17. Bxe4 Bf5 18. cxd6 cxd6 19. Re1 Bxe4 20. Rxe4 Qd7 21. Qd3 Rf6
22. Nd2 Raf8 23. Nc4 Bf4 24. Bc3 g5 25. g3 Qh3 26. Rd1 Rh6 27. gxf4 Qxh2+ 28.
Kf1 Rh3 29. Re3 Qxf4 30. Be1 Rh2 31. Rf3 Rh1+ 32. Ke2 Qg4 33. Nxe5 dxe5 34. d6
Nc6 35. Qb3+ Kh8 36. d7 Rh3 37. Rd3 Rhxf3 38. Rxf3 Nd4+ 39. Kf1 Nxf3 40. Qd5
Nh2# 0-1

[Event "19th Voronezh Master Open"]
[Site "Voronezh RUS"]
[Date "2015.06.16"]
[Round "5.10"]
[White "Levin, Evgeny A."]
[Black "Mesropov, Konstantin"]
[Result "1-0"]
[WhiteTitle "GM"]
[BlackTitle "IM"]
[WhiteElo "2515"]
[BlackElo "2417"]
[WhiteFideId "4182596"]
[BlackFideId "4116887"]
[EventDate "2015.06.12"]

1. d4 Nf6 2. c4 c5 3. d5 b5 4. cxb5 a6 5. bxa6 g6 6. Nc3 Bg7 7. e4 O-O 8. Nf3
Qa5 9. Nd2 Bxa6 10. Be2 d6 11. O-O Nfd7 12. Ndb1 Ne5 13. a4 Bxe2 14. Qxe2 Na6
15. Bg5 Rfe8 16. Na3 Nb4 17. Rad1 h6 18. Be3 Rec8 19. f4 Nd7 20. f5 Ne5 21. fxg6
fxg6 22. Bf4 c4 23. Bxe5 Qc5+ 24. Kh1 Bxe5 25. Qg4 Nd3 26. Nxc4 Qxc4 27. Qxg6+
Bg7 28. Rf7 Qd4 29. Rxd3 Rxc3 30. bxc3 Rxa4 31. Rdf3 Ra1+ 32. Rf1 1-0

[Event "19th Voronezh Master Open"]
[Site "Voronezh RUS"]
[Date "2015.06.16"]
[Round "5.11"]
[White "Sivuk, Vitaly"]
[Black "Alikulov, Elbek"]
[Result "1-0"]
[WhiteTitle "GM"]
[BlackTitle "FM"]
[WhiteElo "2491"]
[BlackElo "2411"]
[WhiteFideId "14116502"]
[BlackFideId "14203308"]
[EventDate "2015.06.12"]

1. Nf3 Nf6 2. c4 g6 3. g3 Bg7 4. Bg2 O-O 5. O-O d6 6. d4 c6 7. Nc3 Qa5 8. e4 e5
9. h3 Nbd7 10. Re1 exd4 11. Nxd4 Ne5 12. Bf1 Be6 13. Nxe6 fxe6 14. Be3 Rad8 15.
f4 Nf7 16. Bg2 Rd7 17. Qa4 Qd8 18. Qxa7 e5 19. Bb6 Qe7 20. f5 Nh5 21. Bf2 gxf5
22. exf5 Nh6 23. g4 Nf4 24. Qe3 Qf7 25. Bf1 d5 26. cxd5 cxd5 27. Qf3 Kh8 28. Bg3
Qf6 29. Rad1 Nf7 30. h4 h5 31. Bxf4 hxg4 32. Qxg4 exf4 33. Nxd5 Qxb2 34. f6 Rg8
35. fxg7+ Rxg7 36. Re8+ Kh7 37. Bd3+ Kh6 38. Re6+ 1-0

[Event "19th Voronezh Master Open"]
[Site "Voronezh RUS"]
[Date "2015.06.16"]
[Round "5.12"]
[White "Provotorov, Ivan"]
[Black "Nozdrachev, Vladislav"]
[Result "0-1"]
[WhiteTitle "FM"]
[BlackTitle "IM"]
[WhiteElo "2357"]
[BlackElo "2485"]
[WhiteFideId "4154657"]
[BlackFideId "24113441"]
[EventDate "2015.06.12"]

1. d4 Nf6 2. c4 e6 3. Nc3 Bb4 4. f3 d5 5. a3 Be7 6. e4 dxe4 7. fxe4 e5 8. Nf3
exd4 9. Qxd4 Qxd4 10. Nxd4 c6 11. Be2 O-O 12. Bf4 Re8 13. e5 Nfd7 14. Nf5 Nxe5
15. Nxe7+ Rxe7 16. O-O-O Nbd7 17. Bg3 Ng6 18. h4 Ngf8 19. h5 h6 20. Bf3 Nf6 21.
Bh4 Bf5 22. Bxf6 gxf6 23. Rhf1 Bh7 24. Bg4 Kg7 25. Rf3 Ne6 26. Re1 Rd8 27. b3
Rd4 28. Bh3 Rh4 29. Bf5 Bxf5 30. Rxf5 Rg4 31. Rf2 Rg5 32. Re3 Rxh5 33. Ne2 Re5
34. Rg3+ Rg5 35. Rgf3 Nc5 36. Ng3 Kf8 37. Kc2 Rxg3 38. Rxg3 Ne4 39. Rff3 Nxg3
40. Rxg3 Re5 41. Rd3 Ke7 42. g3 Re4 43. Rf3 h5 44. Kd3 Rg4 45. Ke3 f5 46. Kf2
Ke6 47. Re3+ Re4 48. Rf3 f4 49. gxf4 Kf5 50. Rd3 Rxf4+ 51. Kg2 h4 52. Rd7 Kg4
53. Rd3 Re4 54. Kf2 h3 55. Rg3+ Kh4 56. Rf3 f5 57. Rxf5 Kg4 58. Ra5 Rf4+ 59. Kg1
Rf5 0-1

[Event "19th Voronezh Master Open"]
[Site "Voronezh RUS"]
[Date "2015.06.16"]
[Round "5.13"]
[White "Maletin, Pavel"]
[Black "Rodin, Dmitrij"]
[Result "1-0"]
[WhiteTitle "GM"]
[BlackTitle "FM"]
[WhiteElo "2587"]
[BlackElo "2360"]
[WhiteFideId "4146786"]
[BlackFideId "4127412"]
[EventDate "2015.06.12"]

1. c4 Nf6 2. g3 e6 3. Bg2 d5 4. Nf3 Be7 5. O-O O-O 6. d4 dxc4 7. Qc2 a6 8. Qxc4
b5 9. Qc2 Bb7 10. Bd2 Be4 11. Qc1 c6 12. a4 Nbd7 13. Nc3 Bg6 14. Ne5 Nxe5 15.
dxe5 Nd5 16. axb5 axb5 17. Nxd5 cxd5 18. Rxa8 Qxa8 19. Qc7 Re8 20. Rc1 Bf8 21.
Bf3 b4 22. Kg2 b3 23. Rc6 Qb8 24. Bc3 Qxc7 25. Rxc7 Bc2 26. e3 g6 27. Be2 Rb8
28. f3 Bb4 29. Bd4 h5 30. Kf2 Ba5 31. Rc6 Rb7 32. h3 Rc7 33. Ra6 Bb4 34. Ra8+
Kg7 35. Bb6 Rb7 36. Bd8 Be7 37. Ba6 Rd7 38. Bb6 Bb4 39. Bb5 Rb7 40. Bd8 Be7 41.
Bc6 Bxd8 42. Bxb7 Bb6 43. Ra4 g5 44. Ke2 Bc7 45. f4 f6 46. Bxd5 Bd6 1-0

[Event "19th Voronezh Master Open"]
[Site "Voronezh RUS"]
[Date "2015.06.16"]
[Round "5.14"]
[White "Kokarev, Dmitry"]
[Black "Gevorgyan, David"]
[Result "1-0"]
[WhiteTitle "GM"]
[BlackTitle "IM"]
[WhiteElo "2639"]
[BlackElo "2381"]
[WhiteFideId "4132181"]
[BlackFideId "13303244"]
[EventDate "2015.06.12"]

1. e4 e5 2. Nf3 Nc6 3. Bb5 a6 4. Ba4 Nf6 5. O-O Be7 6. Re1 b5 7. Bb3 d6 8. c3
O-O 9. h3 Nb8 10. d4 Nbd7 11. Nbd2 Bb7 12. Bc2 Re8 13. a4 Bf8 14. Bd3 c6 15. b3
g6 16. Bb2 Qc7 17. Qc2 Nh5 18. Bf1 Nf4 19. g3 Ne6 20. h4 h5 21. b4 Bg7 22. Rac1
Nb6 23. a5 Na4 24. Ba1 Rad8 25. Qa2 Qb8 26. d5 Nc7 27. c4 cxd5 28. exd5 Bc8 29.
cxb5 axb5 30. Rxc7 Qxc7 31. Bxb5 Nc3 32. Bxc3 Qxc3 33. Bxe8 Rxe8 34. Qc4 Qa3 35.
Nd4 Bg4 36. Nc6 e4 37. Qb3 Qxb3 38. Nxb3 Bh6 39. b5 e3 40. b6 Bc8 41. fxe3 Bxe3+
42. Kg2 Kf8 43. Nbd4 Ba6 44. Ne6+ fxe6 45. Rxe3 Bc4 46. Nb4 Ra8 47. Ra3 Rb8 48.
dxe6 Bxe6 49. a6 Bc8 50. a7 Bb7+ 51. Rf3+ 1-0

[Event "19th Voronezh Master Open"]
[Site "Voronezh RUS"]
[Date "2015.06.16"]
[Round "5.15"]
[White "Strelnikov, Sergey"]
[Black "Ponkratov, Pavel"]
[Result "0-1"]
[WhiteTitle "IM"]
[BlackTitle "GM"]
[WhiteElo "2377"]
[BlackElo "2610"]
[WhiteFideId "14113473"]
[BlackFideId "4157800"]
[EventDate "2015.06.12"]

1. Nf3 Nf6 2. g3 g6 3. Bg2 Bg7 4. O-O O-O 5. d3 d5 6. Nbd2 Nc6 7. e4 dxe4 8.
dxe4 a5 9. a4 Nb4 10. Ne1 Bg4 11. f3 Bc8 12. c3 Nc6 13. Qc2 b6 14. Rf2 e5 15.
Bf1 Qe7 16. Nc4 Be6 17. Ne3 Rfd8 18. Bc4 h5 19. N1g2 Bxc4 20. Nxc4 Qe6 21. b3
Rd7 22. Bg5 Bf8 23. Be3 Nd8 24. Ne1 h4 25. Kg2 Be7 26. Nd3 Nc6 27. Rd2 Kg7 28.
Nf2 Rxd2 29. Bxd2 Rh8 30. Be3 Nb8 31. g4 h3+ 32. Kf1 Nbd7 33. Rd1 Bc5 34. Nd3
Bxe3 35. Nxe3 Nh7 36. Nc4 Ng5 37. Qf2 b5 38. axb5 a4 39. Ra1 axb3 40. Ne3 Nb6
41. Rb1 Qd7 42. Nc1 Ra8 43. Qe2 b2 44. Rxb2 Ra1 45. Rc2 Qd6 46. Kf2 Qf6 47. Nf1
Nd7 48. Qe3 Nc5 49. Nd2 Nge6 50. Kg3 g5 51. Kf2 Nf4 52. Ne2 Ncd3+ 0-1

[Event "19th Voronezh Master Open"]
[Site "Voronezh RUS"]
[Date "2015.06.17"]
[Round "6.2"]
[White "Bocharov, Dmitry"]
[Black "Sivuk, Vitaly"]
[Result "1-0"]
[WhiteTitle "GM"]
[BlackTitle "GM"]
[WhiteElo "2580"]
[BlackElo "2491"]
[WhiteFideId "4138716"]
[BlackFideId "14116502"]
[EventDate "2015.06.12"]

1. d4 Nf6 2. c4 e6 3. Nf3 d5 4. Nc3 dxc4 5. Bg5 Bb4 6. a3 Bxc3+ 7. bxc3 c6 8. g3
Qa5 9. Bd2 c5 10. Bg2 Bd7 11. Ne5 Bc6 12. Nxc4 Qa6 13. Bxc6+ Qxc6 14. O-O Nbd7
15. Qb3 O-O 16. Rab1 b6 17. f3 Rac8 18. Rfc1 Ne8 19. Bf4 h6 20. e4 g5 21. Be3 f5
22. d5 exd5 23. exd5 Qg6 24. Bf2 g4 25. d6 Kh8 26. fxg4 fxg4 27. Re1 Qf7 28. Rb2
b5 29. Re7 Qd5 30. Qxb5 Nef6 31. Rd2 Qf3 32. Qb1 Rg8 33. Rd3 Rb8 34. Qf1 Qf5 35.
Ne3 Qh5 36. Nc4 Rgf8 37. Rde3 Qf5 38. Re1 Rb3 39. Ne5 Rb2 40. Nf7+ Rxf7 41. Rxf7
Kg8 42. Rfe7 Qd5 43. R7e2 Rb3 44. Re8+ Kf7 45. R8e7+ Kg6 46. Rd1 Qf3 47. Re3 Qf5
48. c4 Rb2 49. Be1 Qh5 50. Qd3+ Kf7 51. Rd2 Ne5 52. Rxe5 Qxe5 53. Rxb2 Qxb2 54.
d7 1-0

[Event "19th Voronezh Master Open"]
[Site "Voronezh RUS"]
[Date "2015.06.17"]
[Round "6.3"]
[White "Maiorov, Nikita1"]
[Black "Papin, Vasily"]
[Result "1/2-1/2"]
[WhiteTitle "GM"]
[BlackTitle "GM"]
[WhiteElo "2560"]
[BlackElo "2480"]
[WhiteFideId "13501720"]
[BlackFideId "4143183"]
[EventDate "2015.06.12"]

1. d4 Nf6 2. c4 e6 3. Nf3 Bb4+ 4. Nbd2 O-O 5. e3 d5 6. Be2 b6 7. O-O Bb7 8. a3
Be7 9. b4 c5 10. bxc5 bxc5 11. Rb1 Qc8 12. Qb3 Ba6 13. Bb2 cxd4 14. Nxd4 Nbd7
15. Rfc1 Nc5 16. Qd1 Qd7 17. Bc3 Nce4 18. Nxe4 Nxe4 19. Bb4 Bxc4 20. Bxc4 dxc4
21. Bxe7 Qxe7 22. Rxc4 Nf6 23. Qc1 Nd5 24. a4 Nb6 25. Rc7 Qd8 26. a5 Nd5 27. Rc5
Rb8 28. g3 h6 29. Rxb8 Qxb8 30. Rb5 Qd6 31. Qc5 Qd7 32. Qc6 Qxc6 33. Nxc6 a6 34.
Rc5 Kh7 35. Ne5 f6 36. Nd3 Rd8 37. Ne1 Nb4 38. Nf3 Rd5 39. Rxd5 Nxd5 40. Nd4 e5
41. Nc6 Kg6 42. Kf1 Kf7 43. Ke2 Ke6 44. Kd3 Kd6 45. Nb8 Nb4+ 46. Kc4 Nc6 47.
Nxc6 1/2-1/2

[Event "19th Voronezh Master Open"]
[Site "Voronezh RUS"]
[Date "2015.06.17"]
[Round "6.4"]
[White "Nozdrachev, Vladislav"]
[Black "Lintchevski, Daniil"]
[Result "0-1"]
[WhiteTitle "IM"]
[BlackTitle "GM"]
[WhiteElo "2485"]
[BlackElo "2557"]
[WhiteFideId "24113441"]
[BlackFideId "4171055"]
[EventDate "2015.06.12"]

1. e4 c5 2. Nf3 e6 3. b3 b6 4. Bd3 Bb7 5. O-O Nc6 6. Re1 d6 7. Bb5 a6 8. Bxc6+
Bxc6 9. d4 cxd4 10. Nxd4 Bb7 11. c4 Nf6 12. Nc3 Be7 13. f4 O-O 14. a4 Re8 15.
Ba3 Bf8 16. Qd2 Qc7 17. f5 exf5 18. exf5 Re5 19. Re2 Rae8 20. Rd1 h6 21. h3 Ba8
22. Qf4 Qb7 23. Qf2 Ne4 24. Nxe4 Rxe4 25. Red2 Be7 26. Nf3 Bf6 27. Bxd6 Qc8 28.
Qxb6 Qxf5 29. Rf2 Qg6 30. c5 Re2 31. Ne5 Qe4 32. c6 Bxe5 33. Bxe5 Qxe5 34. Rdf1
Rxf2 35. Rxf2 Qe6 36. Rc2 Rc8 37. Qxa6 Bxc6 38. b4 Kh7 39. Rc5 Qe4 40. Qf1 Rd8
41. Qf5+ Qxf5 42. Rxf5 Rd1+ 43. Kf2 Bxa4 44. Rxf7 Rd2+ 0-1

[Event "19th Voronezh Master Open"]
[Site "Voronezh RUS"]
[Date "2015.06.17"]
[Round "6.6"]
[White "Ulko, Jaroslav"]
[Black "Tukhaev, Adam"]
[Result "1/2-1/2"]
[WhiteTitle "IM"]
[BlackTitle "GM"]
[WhiteElo "2460"]
[BlackElo "2552"]
[WhiteFideId "4116658"]
[BlackFideId "14109476"]
[EventDate "2015.06.12"]

1. d4 Nf6 2. c4 e6 3. Nf3 Bb4+ 4. Bd2 a5 5. g3 Ne4 6. Bg2 Nxd2 7. Nfxd2 O-O 8.
O-O Be7 9. Nc3 d6 10. Qc2 Nd7 11. Rfd1 Re8 12. a3 e5 13. dxe5 dxe5 14. Nf3 Bf8
15. Bh3 g6 16. c5 Bxc5 17. Ne4 Bd6 18. Nxd6 cxd6 19. Rxd6 e4 20. Nd4 Qe7 21. Qc7
Nb6 22. Qxe7 Rxe7 23. Rxb6 Bxh3 24. Rc1 e3 25. fxe3 Rxe3 26. Kf2 Re7 27. Rd6
Rae8 28. Rc5 Bg4 29. Rxa5 Bxe2 30. Rad5 Bc4 31. Rc5 Bd3 32. Rc3 Be4 33. b4 Ra8
34. h4 Kg7 35. Nf3 Bc6 36. Nd4 Be4 37. Nf3 Bc6 38. Nd4 Be4 39. Nf3 1/2-1/2

[Event "19th Voronezh Master Open"]
[Site "Voronezh RUS"]
[Date "2015.06.17"]
[Round "6.7"]
[White "Ponomarev, Dmitry"]
[Black "Levin, Evgeny A."]
[Result "1/2-1/2"]
[WhiteTitle "IM"]
[BlackTitle "GM"]
[WhiteElo "2409"]
[BlackElo "2515"]
[WhiteFideId "24112046"]
[BlackFideId "4182596"]
[EventDate "2015.06.12"]

1. d4 Nf6 2. Bg5 e6 3. Nd2 d5 4. e3 Be7 5. Bd3 c5 6. c3 b6 7. Ngf3 Nbd7 8. O-O
Bb7 9. Ne5 O-O 10. f4 Ne4 11. Bxe7 Qxe7 12. Bxe4 dxe4 13. Nxd7 Qxd7 14. dxc5
bxc5 15. Qc2 Rab8 16. b3 Qc6 17. Nc4 Ba6 18. Ne5 Qc8 19. c4 f6 20. Ng4 e5 21.
Nf2 exf4 22. Qxe4 fxe3 23. Qxe3 Re8 24. Qg3 Bb7 25. Nd3 Qc6 26. Nf4 Qc7 27. Rae1
Rbd8 28. Re3 Be4 29. Nh5 Qxg3 30. Nxg3 Bg6 31. Rxe8+ Rxe8 32. Rd1 a5 33. Kf2 a4
34. bxa4 Ra8 35. Rd5 Rxa4 36. Rxc5 Rxa2+ 37. Kf3 Ra3+ 38. Kf2 Ra2+ 39. Kf3 Ra3+
40. Kf2 Ra2+ 41. Kf3 1/2-1/2

[Event "19th Voronezh Master Open"]
[Site "Voronezh RUS"]
[Date "2015.06.17"]
[Round "6.8"]
[White "Demidov, Mikhail"]
[Black "Bukavshin, Ivan"]
[Result "0-1"]
[WhiteTitle "IM"]
[BlackTitle "GM"]
[WhiteElo "2507"]
[BlackElo "2647"]
[WhiteFideId "4197143"]
[BlackFideId "4199758"]
[EventDate "2015.06.12"]

1. e4 c5 2. c3 Nf6 3. e5 Nd5 4. d4 cxd4 5. Qxd4 e6 6. Nf3 Nc6 7. Qe4 Qc7 8. Bc4
f5 9. Qe2 Nde7 10. O-O Ng6 11. Re1 b6 12. b3 Bb7 13. Ba3 Be7 14. Bxe7 Ncxe7 15.
Nbd2 Nf4 16. Qe3 g5 17. Bf1 Ned5 18. Qd4 Qxc3 19. Nc4 Qxd4 20. Nd6+ Ke7 21. Nxd4
Bc6 22. g3 Ng6 23. Rac1 Nxe5 24. N6xf5+ Kf6 25. Nd6 Ne7 26. Re3 g4 27. Nxc6
N7xc6 28. Bg2 Raf8 29. Nc4 Rhg8 30. b4 Rg5 31. Nd2 Ke7 32. Rce1 b5 33. a3 Rgf5
34. R1e2 d5 35. Nb3 Kd6 36. h3 h5 37. Kf1 R8f6 38. Nc5 Nd8 39. a4 bxa4 40. Ra3
a5 41. Rxa4 axb4 42. hxg4 hxg4 43. Rc2 Ndc6 44. Ra6 Rxf2+ 45. Rxf2 Rxf2+ 46.
Kxf2 Kxc5 47. Ke3 b3 48. Ra1 Nc4+ 49. Kd3 b2 50. Re1 Na3 0-1

[Event "19th Voronezh Master Open"]
[Site "Voronezh RUS"]
[Date "2015.06.17"]
[Round "6.9"]
[White "Harutjunyan, Gevorg"]
[Black "Kokarev, Dmitry"]
[Result "0-1"]
[WhiteTitle "GM"]
[BlackTitle "GM"]
[WhiteElo "2459"]
[BlackElo "2639"]
[WhiteFideId "13300873"]
[BlackFideId "4132181"]
[EventDate "2015.06.12"]

1. e4 c5 2. Nf3 d6 3. d4 cxd4 4. Nxd4 Nf6 5. Nc3 a6 6. Be3 Ng4 7. Bc1 Nf6 8. Be3
e5 9. Nb3 Be6 10. h3 Nbd7 11. g4 b5 12. Qf3 Nb6 13. g5 Nfd7 14. O-O-O Nc4 15. h4
Nxe3 16. fxe3 Be7 17. Bh3 Bxh3 18. Rxh3 O-O 19. Qg4 Nb6 20. Rg1 Qc8 21. Nd5 Nxd5
22. exd5 Qxg4 23. Rxg4 f5 24. gxf6 Rxf6 25. Nd2 Raf8 26. Rhg3 g6 27. h5 Rf2 28.
hxg6 h5 29. Rb4 Rh2 30. c4 Bh4 31. g7 Rf7 32. cxb5 Bxg3 33. bxa6 Be1 34. Rb8+
Kxg7 35. Nf3 Rxf3 36. a7 Bd2+ 0-1